000
00315nam a22001097a 4500
999
_c
13417
_d
13417
082
_a
297.64
100
_a
مولانا سید محمد عون نقوی
245
_a
عرفان مدینہ
260
_a
Pakistan
_b
ادارہ تبلیغ تعلیمات اسلامی پاکستان
_c
2010
300
_a
577
942
_c
BK